Normal view MARC view

Entry Personal Name

Number of records used in: 2

001 - CONTROL NUMBER

  • control field: 48120

003 - CONTROL NUMBER IDENTIFIER

  • control field: dpl

005 - DATE AND TIME OF LATEST TRANSACTION

  • control field: 20120529125208.0

008 - FIXED-LENGTH DATA ELEMENTS

  • fixed length control field: 120529|||a|||||| | ||| d

040 ## - CATALOGING SOURCE

  • Original cataloging agency: dpl
  • Transcribing agency: dpl

100 ## - HEADING--PERSONAL NAME

  • Personal name: जैन, रमेश कुमार

670 ## - SOURCE DATA FOUND

  • Source citation: Work cat.: (dpl): जैन, रमेश कुमार, विज्ञान और समाजोपयोगी उत्पादक कार्य /, 2002

670 ## - SOURCE DATA FOUND

  • Source citation: Work cat.: (dpl): जैन, रमेश कुमार, विज्ञान और समाजोपयोगी उत्पादक कार्य /, 2002

© Delhi Public Library
Hit Counter
free hit counter